Learning on the job and the cost of business cycles (Record no. 520995)

000 -LEADER
fixed length control field 01155nam a22001457a 4500
008 - FIXED-LENGTH DATA ELEMENTS--GENERAL INFORMATION
fixed length control field 221207b ||||| |||| 00| 0 eng d
100 ## - MAIN ENTRY--PERSONAL NAME
Personal name Walentin, Karl and Westermark, Andreas
245 ## - TITLE STATEMENT
Title Learning on the job and the cost of business cycles
260 ## - PUBLICATION, DISTRIBUTION, ETC. (IMPRINT)
Place of publication, distribution, etc American Economic Journal: Macroeconomics
300 ## - PHYSICAL DESCRIPTION
Extent 14(4), Oct, 2022: p.341-377
520 ## - SUMMARY, ETC.
Summary, etc We show that business cycles reduce welfare through a decrease in the average level of employment in a labor market search model with learning on the job and skill loss during unemployment. Empirically, unemployment and the job-finding rate are negatively correlated. Since new jobs are the product of these two from the employment transition equation, business cycles imply fewer new jobs. Learning on the job implies that the resulting decrease in employment reduces aggregate human capital. This reduces incentives to post vacancies, further decreasing employment and human capital. We quantify this mechanism and find large output and welfare costs of business cycles. – Reproduced
773 ## - HOST ITEM ENTRY
Main entry heading American Economic Journal: Macroeconomics
906 ## - LOCAL DATA ELEMENT F, LDF (RLIN)
Subject DIP EMPLOYMENT
942 ## - ADDED ENTRY ELEMENTS (KOHA)
Item type Articles
Holdings
Withdrawn status Lost status Source of classification or shelving scheme Damaged status Not for loan Permanent location Current location Date acquired Serial Enumeration / chronology Barcode Date last seen Koha item type
          Indian Institute of Public Administration Indian Institute of Public Administration 2022-12-07 14(4), Oct, 2022: p.341-377 AR127558 2022-12-07 Articles

Powered by Koha